000 00629nam a2200205 i 4500
001 101307
003 ES-MaACL
005 20250829062544.0
007 t|
008 051017s1944 sp ||||1| spa d
100 1 _aMaurois, André,
_d1885-1967
_979267
245 1 0 _aNi angel, ni bestia /
_cAndré Maurois, [seud.] de Emile Herzog; traducción de Juan F. Rosales.
260 _aBarcelona :
_bNausicao,
_c1944.
300 _a195 p. ;
_c18 cm.
490 1 _aRetablo ;
_vXIII
700 1 _aRosales, Juan F.
_999643
830 0 _aRetablo ;
_vXIII
_9232473
852 _aES-MaACL
_jF-16030
_bR.20914
999 _c101307
_d101307